[Event "Mukachevo IM May 2019"]
[Site "Mukachevo"]
[Date "2019.05.13"]
[Round "8.1"]
[White "Tran, David"]
[Black "Tiba, Vladyslav"]
[Result "0-1"]
[WhiteElo "2070"]
[BlackElo "2370"]
[Annotator "RC"]
[PlyCount "84"]
[EventDate "2019.05.09"]
[EventType "tourn"]
[EventCountry "UKR"]
[SourceTitle "playchess.com"]
[Source "ChessBase"]
[SourceQuality "1"]
[TimeControl "40/5400+30:900+30"]

1. e4 {[%emt 0:03:18]} c5 {[%emt 0:00:04]} 2. Nf3 {[%emt 0:00:15]} e6 {[%emt 0:00:06]} 3. d4 {[%emt 0:00:16]} cxd4 {[%emt 0:00:06]} 4. Nxd4 {[%emt 0:00:07]} a6 {[%emt 0:00:06]} 5. Bd3 {[%emt 0:00:25]} Bc5 {[%emt 0:00:24]} 6. Nb3 {[%emt 0:00:12]} Be7 {[%emt 0:00:07]} 7. Nc3 {[%emt 0:00:05]} d6 {[%emt 0:01:22]} 8. O-O {[%emt 0:00:32]} Nf6 {[%emt 0:02:25]} 9. Be3 {[%emt 0:02:20]} b5 {[%emt 0:02:35]} 10. a3 {[%emt 0:00:08]} Bb7 {[%emt 0:00:41]} 11. f4 {[%emt 0:01:57]} Nbd7 {[%emt 0:01:22]} 12. Qe2 {[%emt 0:02:08]} Qc7 {[%emt 0:02:53]} 13. Kh1 {[%emt 0:00:21]} O-O {[%emt 0:02:37]} 14. Rae1 {[%emt 0:02:13]} Nc5 {[%emt 0:11:06]} 15. Nxc5 {[%emt 0:00:26]} dxc5 {[%emt 0:00:05]} 16. e5 {[%emt 0:00:04]} c4 {[%emt 0:01:40]} 17. Bxc4 {[%emt 0:01:14]} bxc4 {[%emt 0:00:31]} 18. exf6 {[%emt 0:00:05]} Bxf6 {[%emt 0:00:06]} 19. Na4 {[%emt 0:03:06]} Rab8 {[%emt 0:12:43]} 20. c3 {[%emt 0:01:29]} Bd5 {[%emt 0:06:43]} 21. Nc5 {[%emt 0:10:56]} Qc6 {[%emt 0:01:48]} 22. Bg1 {[%emt 0:02:07]} Be7 {[%emt 0:12:02]} 23. Ne4 {[%emt 0:00:29]} Qb7 {[%emt 0:00:34]} 24. Bd4 {[%emt 0:07:16]} Qxb2 {[%emt 0:03:48]} 25. Qg4 {[%emt 0:01:57]} f6 {[%emt 0:01:21]} 26. Re3 {[%emt 0:03:22]} Qc2 {[%emt 0:03:51]} 27. h4 {[%emt 0:02:11]} Kh8 {[%emt 0:06:03]} 28. Nc5 {[%emt 0:01:19]} Bxc5 {[%emt 0:03:21]} 29. Bxc5 {[%emt 0:00:10]} Rf7 {[%emt 0:00:19]} 30. Rg3 {[%emt 0:00:49]} Rb2 {[%emt 0:04:00]} 31. f5 {[%emt 0:09:46]} Rb1 {[%emt 0:06:58]} 32. fxe6 {[%emt 0:02:35]} Rxf1+ {[%emt 0:01:31]} 33. Kh2 {[%emt 0:00:06]} Qb1 {[%emt 0:02:28]} 34. Re3 {[%emt 0:03:48]} Rh1+ {[%emt 0:00:49]} 35. Kg3 {[%emt 0:00:03]} Qb8+ {[%emt 0:00:47]} 36. Kf2 {[%emt 0:01:19]} Rb7 {[%emt 0:01:02]} 37. Bb4 {[%emt 0:05:34]} Qe8 {[%emt 0:00:13]} 38. e7 {[%emt 0:00:16]} a5 {[%emt 0:03:10]} 39. Rg3 {[%emt 0:00:27]} g6 {[%emt 0:01:01]} 40. Qd4 {[%emt 0:00:00]} axb4 {[%emt 0:00:00]} 41. Qxf6+ {[%emt 0:01:55]} Kg8 {[%emt 0:00:59]} 42. Rf3 {[%emt 0:00:07]} Rxe7 {[%emt 0:00:33]} 0-1

[Event "Mukachevo IM May 2019"]
[Site "Mukachevo"]
[Date "2019.05.13"]
[Round "8.2"]
[White "Vachylia, Andrii"]
[Black "Larkin, Vladyslav"]
[Result "1/2-1/2"]
[WhiteElo "2285"]
[BlackElo "2366"]
[Annotator "TA"]
[PlyCount "64"]
[EventDate "2019.05.09"]
[EventType "tourn"]
[EventCountry "UKR"]
[SourceTitle "playchess.com"]
[Source "ChessBase"]
[SourceQuality "1"]

{[%evp 17,64,26,27,19,33,28,35,22,23,24,29,-8,0,-20,0,-16,20,0,25,15,14,20,24,0,0,0,0,-15,0,-5,0,0,0,0,0,0,0,0,6,0,10,0,15,12,17,0,5,0,18]} 1. e4 e5 2. Nf3 Nf6 3. Nxe5 d6 4. Nf3 Nxe4 5. d3 Nf6 6. d4 d5 7. Bd3 Bd6 8. Qe2+ Qe7 9. Qxe7+ Bxe7 10. Bf4 {C01: French: Exchange Variation} (10. O-O O-O 11. Re1 Re8 12. Bf4 c6 13. Nbd2 Nbd7 14. Bg5 h6 15. Bh4 Kf8 16. a4 a5 17. c3 Bd6 18. Rxe8+ Nxe8 19. Nf1 Ndf6 20. Bg3 {½-½ (18) Nguyen,N (2641)-Lu,S (2636) Makati 2018}) 10... c6 11. Nbd2 {[%cal Bb1d2,Bd2f1,Bf1g3][%mdl 32]} O-O 12. O-O-O {White is slightly better.} Re8 13. Rhe1 Nbd7 {[%cal Bb8d7,Bd7f8,Bf8g6][%mdl 32]} 14. Nf1 $146 ({Predecessor:} 14. Re2 Nf8 15. Rde1 Ne6 {½-½ (13) Martin Del Campo C,R (2425)-Herrera,M (2250) Antwerp 1992}) 14... Nf8 15. Ng3 Ng6 16. Bg5 Bd7 17. h4 h6 18. h5 {[#] Hoping for Bxf6.} Nf8 19. Bxf6 Bxf6 20. Bf5 g6 {The position is equal.} 21. Bxd7 Nxd7 22. Kd2 Kf8 23. c3 Rxe1 24. Rxe1 Re8 25. Rxe8+ Kxe8 $11 {[%mdl 4096] Endgame KBN-KNN} 26. Ke3 Ke7 27. Ne2 Kd6 28. Nf4 Nf8 29. g4 b6 30. Nd3 Nd7 31. Nf4 Nf8 32. Nd3 Nd7 {Accuracy: White = 28%, Black = 41%.} 1/2-1/2

[Event "Mukachevo IM May 2019"]
[Site "Mukachevo"]
[Date "2019.05.13"]
[Round "8.3"]
[White "Martynyuk, Elizaveta"]
[Black "Oros, Robert"]
[Result "0-1"]
[WhiteElo "2141"]
[BlackElo "2316"]
[Annotator "TA"]
[PlyCount "72"]
[EventDate "2019.05.09"]
[EventType "tourn"]
[EventCountry "UKR"]
[SourceTitle "playchess.com"]
[Source "ChessBase"]
[SourceQuality "1"]

{[%evp 9,72,-16,-15,-16,-10,-10,-8,-13,-12,-20,-22,-43,-42,-54,-54,-55,-50,-54,-47,-56,-60,-116,-110,-112,-37,-81,-89,-147,-150,-187,-189,-202,-210,-242,-195,-211,-185,-176,-172,-180,-164,-543,-288,-289,-255,-295,-262,-310,-163,-255,-160,-153,-153,-605,-400,-675,-228,-221,-227,-198,-122,-105,-50,-29996,-29997]} 1. e4 Nc6 2. Nf3 d6 3. Bc4 Nf6 4. d3 Na5 5. Bb5+ c6 6. Ba4 {B00: Queen's Fianchetto Defence, Nimzowitsch Defence} b5 7. Bb3 g6 8. O-O $146 {The position is equal.} ({Predecessor:} 8. h3 Bg7 9. O-O O-O 10. Re1 e5 11. Nc3 a6 12. Be3 {1-0 (32) Demchenko,A (2679)-Zubov,A (2597) St Petersburg 2018}) 8... Bg7 9. Be3 O-O 10. Qd2 Ng4 $36 {[%mdl 2048] Black fights for an advantage.} 11. Bd4 e5 12. Bc3 Nxb3 13. axb3 f5 14. Qe2 Nf6 15. Nbd2 (15. Ba5 $15 Qd7 16. exf5) 15... a5 $17 16. b4 {[%cal Ra1a5]} fxe4 (16... a4 $17 17. d4 exd4 18. Nxd4 Qb6 19. exf5 Nd5) 17. dxe4 {[%cal Ra1a5]} a4 18. Rfd1 (18. Ne1 $142) 18... Nh5 19. h3 Nf4 20. Qf1 Be6 21. b3 axb3 22. Rxa8 Qxa8 23. cxb3 Bh6 24. Ra1 Qc8 {[%cal Re6h3] Hoping for ...Bxh3!} 25. h4 $2 (25. Kh1 {is tougher.}) 25... Bg4 26. Kh2 Qe6 27. Ra6 Qd7 28. Ng1 Qc8 (28... d5 $142 {And now ...Qe7 would win.} 29. Ndf3 Qe7) 29. Ra5 (29. Ra2 $142) 29... Qd8 30. g3 Nh5 {Strongly threatening ...Nxg3!} 31. Nh3 $2 (31. Qe1 $17) 31... Qf6 32. f4 (32. f3 $142 Bxf3 33. Nxf3 Qxf3 34. Qxf3 Rxf3 35. Ra8+ Kg7 36. Ra7+ Kf6 37. Be1) 32... Qe6 $2 (32... Bxh3 33. Qxh3 Nxg3 $1 {[%mdl 512]}) 33. Ng5 $19 Bxg5 ({Stronger than} 33... exf4 34. Nxe6 fxg3+ 35. Kg2 $14) 34. hxg5 exf4 ({Better is} 34... Qe7 $19 {[%cal Re5f4]} 35. Qd3 Bc8) 35. gxf4 $17 {[#]} Nxf4 (35... Qf7 $1 $17) 36. Qa1 $2 {[%mdl 8192] [#]} (36. Ra7 $15 Nh5 37. Qg1) 36... Bd1 $1 {[%mdl 512] Accuracy: White = 19%, Black = 55%.} 0-1

[Event "Mukachevo IM May 2019"]
[Site "Mukachevo"]
[Date "2019.05.13"]
[Round "8.5"]
[White "Shkuran, Danylo"]
[Black "Shankovskyi, Andrii"]
[Result "0-1"]
[WhiteElo "2357"]
[BlackElo "2374"]
[Annotator "ChessBase"]
[PlyCount "86"]
[EventDate "2019.05.09"]
[EventType "tourn"]
[EventCountry "UKR"]
[SourceTitle "playchess.com"]
[Source "ChessBase"]
[SourceQuality "1"]
[TimeControl "40/5400+30:900+30"]

1. e4 {[%emt 0:01:26]} c5 {[%emt 0:00:41]} 2. Nf3 {[%emt 0:03:06]} Nf6 {[%emt 0:00:11]} 3. Nc3 {[%emt 0:00:29]} Nc6 {[%emt 0:00:20]} 4. d4 {[%emt 0:00:21]} cxd4 {[%emt 0:00:08]} 5. Nxd4 {[%emt 0:00:04]} e5 {[%emt 0:00:10]} 6. Ndb5 {[%emt 0:00:32]} d6 {[%emt 0:00:17]} 7. Nd5 {[%emt 0:00:06]} Nxd5 {[%emt 0:02:18]} 8. exd5 {[%emt 0:04:27]} Ne7 {[%emt 0:00:13]} 9. a4 {[%emt 0:00:32]} Ng6 {[%emt 0:03:49]} 10. Bd3 {[%emt 0:03:15]} Be7 {[%emt 0:02:15]} 11. O-O {[%emt 0:00:08]} O-O {[%emt 0:00:20]} 12. Be3 {[%emt 0:02:05]} a6 {[%emt 0:01:42]} 13. Na3 {[%emt 0:00:09]} b6 {[%emt 0:00:46]} 14. Bxg6 {[%emt 0:01:43]} fxg6 {[%emt 0:02:00]} 15. f3 {[%emt 0:05:57]} Bd7 {[%emt 0:05:09]} 16. c4 {[%emt 0:03:20]} Bg5 {[%emt 0:00:17]} 17. Bf2 {[%emt 0:01:00]} Qc7 {[%emt 0:05:16]} 18. b3 {[%emt 0:09:52]} Rab8 {[%emt 0:07:32]} 19. Qe2 {[%emt 0:03:51]} Qd8 {[%emt 0:04:02]} 20. Nc2 {[%emt 0:03:50]} Bh4 {[%emt 0:06:28]} 21. Rae1 {[%emt 0:02:46]} Bxf2+ {[%emt 0:01:10]} 22. Qxf2 {[%emt 0:01:01]} b5 {[%emt 0:00:31]} 23. axb5 {[%emt 0:00:53]} axb5 {[%emt 0:00:06]} 24. Ne3 {[%emt 0:00:05]} bxc4 {[%emt 0:01:01]} 25. bxc4 {[%emt 0:04:26]} Qb6 {[%emt 0:00:24]} 26. Qd2 {[%emt 0:01:35]} Rf4 {[%emt 0:00:31]} 27. Kh1 {[%emt 0:00:25]} Rd4 {[%emt 0:00:29]} 28. Qe2 {[%emt 0:01:40]} Qb3 {[%emt 0:11:05]} 29. Ra1 {[%emt 0:03:14]} Bf5 {[%emt 0:00:24]} 30. Rfe1 {[%emt 0:00:47]} Bd3 {[%emt 0:01:53]} 31. Qf2 {[%emt 0:01:06]} Bxc4 {[%emt 0:00:22]} 32. Nxc4 {[%emt 0:00:20]} Qxc4 {[%emt 0:00:13]} 33. Rac1 {[%emt 0:00:17]} Qxd5 {[%emt 0:00:14]} 34. Rc2 {[%emt 0:00:06]} h6 {[%emt 0:01:17]} 35. h3 {[%emt 0:00:18]} Rd1 {[%emt 0:00:15]} 36. Rce2 {[%emt 0:00:26]} Rbb1 {[%emt 0:00:14]} 37. Kh2 {[%emt 0:00:22]} Rxe1 {[%emt 0:00:28]} 38. Rxe1 {[%emt 0:00:13]} Rxe1 {[%emt 0:00:04]} 39. Qxe1 {[%emt 0:00:03]} Qd4 {[%emt 0:00:07]} 40. Qe2 {[%emt 0:00:00]} d5 {[%emt 0:00:00]} 41. Qa2 {[%emt 0:00:30]} Kh7 {[%emt 0:00:42]} 42. Qb3 {[%emt 0:00:22]} Qd2 {[%emt 0:00:30]} 43. Qb8 {[%emt 0:00:21]} Qe3 {[%emt 0:00:10]} 0-1

[Event "Mukachevo IM May 2019"]
[Site "Mukachevo"]
[Date "2019.05.14"]
[Round "9.1"]
[White "Shankovskyi, Andrii"]
[Black "Tran, David"]
[Result "1-0"]
[WhiteElo "2374"]
[BlackElo "2070"]
[Annotator "TA"]
[PlyCount "89"]
[EventDate "2019.05.09"]
[EventType "tourn"]
[EventCountry "UKR"]
[SourceTitle "playchess.com"]
[Source "ChessBase"]
[SourceQuality "1"]

{[%evp 29,89,-10,-6,-6,-14,-18,0,-64,0,0,0,0,6,-22,68,58,69,77,67,55,78,60,156,156,156,161,167,158,179,134,327,327,630,630,572,280,546,530,691,683,643,643,29997,640,639,637,625,604,970,956,963,938,2521,2379,2017,2072,1802,1807,5463,5422,29979,5355]} 1. e4 e5 2. Nf3 Nc6 3. Bb5 a6 4. Ba4 Nf6 5. O-O Be7 6. Re1 b5 7. Bb3 d6 8. c3 O-O 9. h3 Na5 10. Bc2 c5 11. d4 Qc7 12. Nbd2 Nc6 13. Nf1 cxd4 14. cxd4 Nxd4 15. Nxd4 exd4 16. Ng3 {[#] C98: Closed Ruy Lopez: Chigorin Defence: 11 d4 Qc7 12 Nbd2 Nc6} Re8 $146 ({Predecessor:} 16... Be6 17. Nf5 Bxf5 18. exf5 Rfe8 19. Bb3 d5 20. Bg5 h6 21. Bh4 {½-½ (21) Ismagambetov,A (2528)-Mchedlishvili,M (2613) Ravana 2009}) 17. b3 d5 18. exd5 (18. Bg5 $11) 18... Nxd5 (18... Bb7 $15 19. Bb2 Bb4 20. Rxe8+ Rxe8) 19. Bb2 $11 Be6 20. Rc1 Qd7 21. Bxd4 Bf6 ({Black should try} 21... Bg5 $11) 22. Nh5 $40 {[%mdl 128] And now Bxf6 would win. White mounts an attack.} Bxd4 23. Qxd4 {[%csl Gh5][%cal Rd4g7]} f6 24. Rcd1 {Be4 is the strong threat.} Qf7 25. Rxe6 {[%mdl 64] [#] Remove Defender} Rxe6 (25... Qxe6 $14 26. Qxd5 Qxd5 27. Rxd5 Rad8) 26. Qxd5 $16 Re1+ 27. Kh2 Qxd5 28. Rxd5 {Hoping for Rd7.} Re2 29. Bd3 Rxf2 $2 (29... Re5 $16 30. Rxe5 fxe5) 30. Rd7 $18 Rxa2 $2 (30... f5 31. Rxg7+ Kf8 32. Rxh7 Re8) 31. Rxg7+ {[%mdl 64] [#] Double Attack} Kf8 32. Bxh7 (32. Rxh7 $142 Re8 33. Bg6) 32... Rd8 $2 (32... Re8 {keeps fighting.} 33. Rc7 Re7 34. Rc8+ Kf7) 33. Bg6 Rdd2 34. Rf7+ {[%mdl 64] Double Attack} Ke8 35. Nf4 {White wants to mate with Rc7+.} Rf2 36. Rxf6+ (36. Rc7+ $142 Kf8 37. Ne6+ Kg8 38. Rc8#) 36... Ke7 37. Rf7+ Kd6 38. h4 Rad2 39. h5 Rd4 40. Kg3 Rb2 41. Rf6+ Ke7 42. Re6+ Kd7 43. Re3 Rb4 44. Nd3 {[%mdl 64] Double Attack} R2xb3 45. Nc5+ {Accuracy: White = 60%, Black = 17%.} (45. h6 $142 Rc3 46. h7 Kc7 47. h8=Q Rbc4 48. Re7+ Kb6 49. Qd8+ Rc7 50. Rxc7) 1-0

[Event "Mukachevo IM May 2019"]
[Site "Mukachevo"]
[Date "2019.05.14"]
[Round "9.2"]
[White "Ceres, Dragos"]
[Black "Shkuran, Danylo"]
[Result "1/2-1/2"]
[WhiteElo "2317"]
[BlackElo "2357"]
[Annotator "TA"]
[PlyCount "96"]
[EventDate "2019.05.09"]
[EventType "tourn"]
[EventCountry "UKR"]
[SourceTitle "playchess.com"]
[Source "ChessBase"]
[SourceQuality "1"]

{[%evp 11,96,26,34,28,57,57,75,63,80,58,74,3,0,-2,-3,-55,-9,-27,-44,-34,-35,-35,0,0,41,46,44,0,0,0,0,0,-6,0,0,0,0,-9,-11,-25,0,-52,-52,-56,-54,-69,-48,-60,-61,-113,-114,-123,-102,-128,-113,-114,-124,-185,-185,-184,-145,-159,-120,-189,-174,-185,-119,-118,-87,-120,-12,-37,-14,-16,-17,-79,-12,-25,-8,-10,-12,-36,0,0,0,0,0]} 1. e4 c5 2. Nf3 e6 3. d4 cxd4 4. Nxd4 Nc6 5. Nc3 Qc7 6. Be3 Nf6 7. f4 {B48: Sicilian: Taimanov: 5 Nc3 Qc7 6 Be3 a6 without Be2} (7. a3 a6 8. f4 d6 9. Qf3 Be7 10. O-O-O O-O 11. Be2 Rb8 12. g4 Nxd4 13. Bxd4 b5 14. g5 Nd7 15. Rhg1 b4 16. axb4 Rxb4 17. f5 Ne5 {½-½ (52) Jumabayev,R (2602)-Wang,H (2730) Makati 2018}) 7... d6 8. Qf3 h5 9. O-O-O {White is better.} Bd7 10. f5 $146 ({Predecessor:} 10. h3 a6 11. Rg1 Rc8 12. Bd3 b5 13. g4 hxg4 14. hxg4 Nxd4 15. Bxd4 {1-0 (41) Repkova,E (2250)-Fomina,T (2250) Debrecen 1992}) 10... Ne5 11. Qe2 (11. Qg3 $16) 11... a6 $1 $11 12. fxe6 fxe6 13. Nf3 (13. Bg5 $11) 13... Rc8 14. Kb1 b5 15. Nxe5 dxe5 16. Rc1 Qa5 {And now ...Rxc3 would win.} 17. Bd2 Bb4 (17... b4 $5 18. Nd1 $8 Bc6 $11) 18. Qe1 Qb6 19. Na4 (19. Bd3 {with more complications.} Be7 20. Qg3 O-O 21. Qxe5 Qd6 22. Qxd6 Bxd6 23. h3) 19... Bxd2 20. Nxb6 Bxe1 21. Rxe1 Rc7 22. Nxd7 Kxd7 23. Bd3 h4 24. g3 Kd6 25. Reg1 Ng4 {Hoping for ...Nf2.} 26. h3 (26. Rf1 $11) 26... Nf2 $36 {[%mdl 2048] White is under pressure.} 27. Rh2 Rf7 28. a3 g5 29. gxh4 gxh4 30. Rgg2 (30. Kc1 $15) 30... Rhf8 $17 31. Kc1 Rf4 32. Kd2 Nxe4+ 33. Bxe4 Rxe4 {[%mdl 4096] Endgame KRR-KRR} 34. Kd3 (34. Rg4 $17 {is a better defense.} Rff4 35. Rg8) 34... Re1 $19 35. Kd2 Rb1 36. b3 Ra1 37. Kc3 (37. Rg4 $17 {keeps fighting.}) 37... Rf3+ ({Resist} 37... Rxa3 38. Rd2+ Ke7 39. Rhe2 $17) 38. Kb2 {[#]} Rd1 (38... Re1 $1 $19 39. Rg4 e4 40. Rxh4 e3) 39. Rg8 $17 {Threatens to win with Rd8+.} Ke7 40. Rh8 {[#]} Rd4 (40... Rf4 $1 $17 41. Rh7+ Kd6) 41. Re2 $1 $11 Rxh3 {...e4 is the strong threat.} 42. Rxe5 Rh2 43. Rc5 (43. Rh6 $11 {keeps the balance.}) 43... Rdd2 (43... Re4 $17 {Threatening ...Ree2.} 44. Ra8 h3 45. Ra7+ Kf6) 44. Rh7+ Kd6 45. b4 h3 46. Rc3 Rh1 {Strongly threatening ...h2.} 47. Rhxh3 Rxh3 48. Rxh3 Re2 {Accuracy: White = 48%, Black = 49%.} 1/2-1/2

[Event "Mukachevo IM May 2019"]
[Site "Mukachevo"]
[Date "2019.05.14"]
[Round "9.3"]
[White "Oros, Robert"]
[Black "Itkis, Boris"]
[Result "1/2-1/2"]
[WhiteElo "2316"]
[BlackElo "2327"]
[Annotator "TA"]
[PlyCount "67"]
[EventDate "2019.05.09"]
[EventType "tourn"]
[EventCountry "UKR"]
[SourceTitle "playchess.com"]
[Source "ChessBase"]
[SourceQuality "1"]

{[%evp 16,67,39,16,34,18,23,24,37,35,22,29,30,37,35,40,46,26,48,27,27,27,27,27,25,29,27,25,30,26,22,12,14,16,14,0,0,0,2,0,8,8,12,12,12,14,18,0,0,0,12,0,0,0]} 1. e4 d6 2. d4 Nf6 3. Nc3 e5 4. Nf3 Nbd7 5. Bc4 Be7 6. O-O O-O 7. a4 a5 8. Re1 c6 9. Ba2 Qb6 {C41: Philidor Defence} (9... Re8 10. h3 Bf8 11. Be3 h6 12. Nh4 exd4 13. Bxd4 Nc5 14. Bxc5 dxc5 15. e5 Qxd1 16. Raxd1 Nh5 17. Ng6 Be6 18. Nxf8 Kxf8 19. Bxe6 Rxe6 {1-0 (38) Vachier Lagrave,M (2783)-Ivanchuk,V (2757) Leuven 2017}) 10. h3 exd4 11. Qxd4 Qxd4 {White has an edge.} 12. Nxd4 Nc5 13. Bf4 {[#] Nf5 is the strong threat.} Re8 $146 ({Predecessor:} 13... Be6 14. Nxe6 fxe6 15. e5 Nd5 16. Bxd5 exd5 17. exd6 Rxf4 18. Rxe7 {0-1 (38) Kalugin,S (2409)-Novikov,M (2513) Dubna 2016}) 14. Rad1 Bf8 {[%cal Rc5e4]} 15. f3 Bd7 16. g4 Rad8 17. Nb3 Nxb3 $1 18. Bxb3 Be6 19. Bxe6 fxe6 20. e5 dxe5 {[#] aiming for ...Rxd1.} 21. Bxe5 Bb4 22. Rxd8 Rxd8 23. Rd1 {The position is equal.} Rxd1+ 24. Nxd1 $11 {[%mdl 4096] Endgame KBN-KBN} Nd7 25. Bd4 e5 26. Be3 Kf7 27. Kf2 Ke6 28. Ke2 b5 29. b3 g6 30. Kd3 Kd5 31. Nb2 Ba3 32. Nd1 {Black should prevent Nc3+.} Bb4 33. Nb2 Ba3 34. Nd1 {Accuracy: White = 54%, Black = 81%.} 1/2-1/2

[Event "Mukachevo IM May 2019"]
[Site "Mukachevo"]
[Date "2019.05.14"]
[Round "9.4"]
[White "Larkin, Vladyslav"]
[Black "Martynyuk, Elizaveta"]
[Result "1-0"]
[WhiteElo "2366"]
[BlackElo "2141"]
[Annotator "TA"]
[PlyCount "129"]
[EventDate "2019.05.09"]
[EventType "tourn"]
[EventCountry "UKR"]
[SourceTitle "playchess.com"]
[Source "ChessBase"]
[SourceQuality "1"]

{[%evp 9,129,25,25,26,42,40,41,42,69,43,84,83,88,86,80,66,56,42,35,37,52,39,67,64,76,71,67,62,78,77,70,46,50,29,25,27,59,50,37,37,39,31,44,50,43,45,41,38,45,48,54,32,24,24,77,66,76,67,64,56,151,66,121,96,200,198,200,204,208,177,250,241,277,190,491,488,472,402,468,434,596,628,611,604,625,635,662,389,581,267,324,232,241,225,239,223,246,214,262,258,463,455,467,447,426,397,386,232,233,231,438,431,321,271,29979,29980,29980,29981,29981,29982,29982,29968]} 1. d4 d5 2. Bf4 Nf6 3. e3 Bf5 4. c4 c6 5. Nc3 e6 6. Qb3 {D10: Slav Defence: 3 cxd5 (without early Nf3) and 3 Nc3} (6. Nf3 Nbd7 7. Be2 Be7 8. h3 h6 9. O-O O-O 10. a3 a6 11. Rc1 Ne4 12. Qb3 Qb6 13. Qa2 Rac8 14. Rfd1 Rfd8 15. b4 dxc4 16. Nxe4 Bxe4 17. Nd2 Bd3 18. Nxc4 Bxc4 19. Rxc4 {1-0 (59) Laznicka,V (2647)-Short,N (2678) Riadh 2017}) 6... Qb6 7. c5 Qxb3 8. axb3 {White is slightly better.} Nbd7 9. b4 Nh5 10. Bc7 $1 Rc8 11. Be5 a6 12. h3 {Strongly threatening g4.} Nhf6 13. Bh2 Be7 $146 14. Nf3 O-O 15. Nd2 Bd8 16. g4 Bg6 17. Bd6 Re8 18. f4 Be7 19. Bxe7 $1 Rxe7 20. Bg2 Ne8 21. O-O Bd3 22. Rfe1 f5 23. Ra3 Bc2 24. Rc1 Be4 $1 25. Ndxe4 dxe4 26. gxf5 exf5 27. d5 cxd5 28. Nxd5 Re6 29. Bf1 Kf8 30. Rd1 Nc7 31. Raa1 Ke8 (31... g6 $11) 32. Bc4 $16 Rh6 33. Nxc7+ Rxc7 34. Kg2 Rcc6 {[#]} (34... Rg6+ $14 35. Kf2 Rh6) 35. Bf1 (35. Rd5 $1 $16) 35... g5 (35... Nf6 $14) 36. Rd5 {aiming for Rad1.} Rhg6 {[#]} (36... gxf4 $16 37. exf4 Rhf6) 37. Kf2 $1 $18 gxf4 38. exf4 Rce6 39. Re1 Nf6 (39... e3+ $142 40. Rxe3 Rxe3 41. Kxe3 Rg3+ 42. Kd2 Rf3) 40. Rxf5 e3+ 41. Kf3 Ke7 $2 (41... Ne4) 42. Bc4 Re4 43. Bd3 Re6 44. Re5 {Rxe6+ is the strong threat.} Rh6 45. Rxe6+ Kxe6 46. Rxe3+ {[%mdl 4096] Endgame KRB-KRN} Kd5 47. Bf1 Kd4 48. Ra3 Rg6 (48... Kd5 {was called for.} 49. Re3 Ng8 50. Re5+ Kc6) 49. Rd3+ Kc4 50. Rd7+ Kxb4 51. Rxb7+ Kxc5 52. Bxa6 Nd5 53. Bd3 Rf6 54. f5 (54. Rxh7 Rxf4+ 55. Kg3 Rb4 $16) 54... h5 $2 (54... Rh6 {was necessary.}) 55. Be4 Kd6 56. Rb5 Nc7 57. Ra5 Rf8 58. Ra3 Rb8 59. Kf4 Rxb2 $2 (59... Rb4 60. Ra5 Ne8) 60. Rd3+ Ke7 61. Kg5 {And now f6+ would win.} Re2 $2 (61... Rb5 $18 62. Rc3 (62. Kxh5 Re5 $16) 62... Ne8) 62. f6+ {White mates.} Kf8 63. Rd8+ Kf7 64. Bg6+ {[%mdl 64] Double Attack} Ke6 65. f7 {Accuracy: White = 65%, Black = 34%.} 1-0

[Event "Mukachevo IM May 2019"]
[Site "Mukachevo"]
[Date "2019.05.14"]
[Round "9.5"]
[White "Tiba, Vladyslav"]
[Black "Vachylia, Andrii"]
[Result "1/2-1/2"]
[WhiteElo "2370"]
[BlackElo "2285"]
[Annotator "TA"]
[PlyCount "61"]
[EventDate "2019.05.09"]
[EventType "tourn"]
[EventCountry "UKR"]
[SourceTitle "playchess.com"]
[Source "ChessBase"]
[SourceQuality "1"]

{[%evp 15,61,-20,18,-4,0,-25,-19,-29,0,0,0,0,9,0,138,0,112,0,52,55,54,47,67,0,0,0,-1,-10,-25,-11,-8,-19,0,-10,3,-12,31,13,30,33,16,-24,-15,-14,0,-68,-29,-127]} 1. e4 c5 2. Nf3 Nc6 3. g3 Nf6 4. d3 d5 5. Nbd2 g6 6. Bg2 Bg7 7. O-O O-O 8. Re1 Qc7 9. c3 {A08: King's Indian Attack} Rd8 (9... e5 10. a3 d4 11. cxd4 cxd4 12. b4 a6 13. Nb3 b6 14. Bd2 Bd7 15. Rc1 Qd6 16. Qc2 Rac8 {1-0 (28) Nakamura,H (2786)-Grigoriants,S (2576) chess.com INT 2017}) 10. Qc2 b6 11. a4 {The position is equal.} a5 $146 ({Predecessor:} 11... dxe4 12. dxe4 Ng4 13. Nc4 Ba6 14. Bf1 Qc8 15. Bf4 e5 16. Bg5 f6 {½-½ (25) Kilian,R (2126)-Gruermann,M (2201) Germany 2017}) 12. exd5 Nxd5 13. Nc4 Bf5 14. Nh4 Be6 {[#]} (14... Bg4 $11 {remains equal.}) 15. Bd2 ({White must play} 15. Rxe6 $1 $16 {[%mdl 512] aiming for Re2.} fxe6 16. Qe2) 15... Ra7 {[#]} (15... Qd7 $11) 16. Rad1 (16. Rxe6 $1 $16 {Re2 is the strong threat.} fxe6 17. Re1) 16... Ne5 (16... Qd7 $11) 17. Nxe5 $14 Bxe5 18. Nf3 Bg7 {[#]} 19. Bc1 ({White should try} 19. Rxe6 $1 $14 {[%mdl 512]} fxe6 20. Ng5) 19... Qc8 20. Nd2 Bg4 21. f3 Bd7 22. Nc4 Bc6 23. Ne5 Ba8 24. Qb3 h5 25. f4 h4 26. Qc2 hxg3 27. hxg3 Bxe5 28. Rxe5 Rad7 29. Qe2 e6 30. Bd2 (30. g4 $11) 30... Ne7 {White must now prevent ...Bxg2.} 31. Be1 {Accuracy: White = 26%, Black = 32%.} (31. Bxa8 $1 $11 {keeps the balance.} Qxa8 32. Be1) 1/2-1/2